Selección de poesías / (Record no. 30388)

MARC details
000 -LEADER
campo de control de longitud fija 00614nam a2200205 i 4500
001 - NÚMERO DE CONTROL
campo de control 30388
003 - IDENTIFICADOR DE NÚMERO DE CONTROL
campo de control ES-MaACL
005 - FECHA Y HORA DE LA ÚLTIMA TRANSACCIÓN
campo de control 20230906154203.0
007 - CAMPO FIJO DE DESCRIPCIÓN FÍSICA--INFORMACIÓN GENERAL
campo de control de longitud fija t|
008 - DATOS DE LONGITUD FIJA--INFORMACIÓN GENERAL
campo de control de longitud fija 030124s1946 ag ||||1| spa d
100 1# - ENTRADA PRINCIPAL--NOMBRE DE PERSONA
Nombre de persona Bausero, Luis.
9 (RLIN) 26613
245 10 - MENCIÓN DEL TÍTULO
Título Selección de poesías /
Mención de responsabilidad, etc. Luis Bausero, A. García V. Paladini.
260 ## - PUBLICACIÓN, DISTRIBUCIÓN, ETC.
Lugar de publicación, distribución, etc. Buenos Aires :
Nombre del editor, distribuidor, etc. Le Connasieur,
Fecha de publicación, distribución, etc. 1946 (
Fabricante Tasca y Cia)
300 ## - DESCRIPCIÓN FÍSICA
Extensión 44 p. ;
Dimensiones 28 cm.
490 1# - MENCIÓN DE SERIE
Mención de serie Fuente inagotable
700 1# - ENTRADA AGREGADA--NOMBRE PERSONAL
Nombre de persona García V. Paladini, A.
9 (RLIN) 55353
830 0# - PUNTO DE ACCESO ADICIONAL DE SERIE-TÍTULO UNIFORME
Título uniforme Fuente inagotable
9 (RLIN) 229335
852 ## - LOCALIZACIÓN
Ubicación ES-MaACL
Número de control de estantería 1813-F-20
Sublocalización o colección R.22586
Holdings
Estatus retirado Estado de pérdida Estado de daño No para préstamo Colección Biblioteca de origen Biblioteca actual Ubicación en estantería Fecha de adquisición Fuente de adquisición Total de préstamos Signatura topográfica completa Código de barras Visto por última vez Precio de reemplazo Tipo de ítem Koha
        Colección de folletos Biblioteca del Ateneo de Madrid Biblioteca del Ateneo de Madrid Depósito folletos 17/01/2008     1813-F-20 1031371 23/02/2023 23/02/2023 Folleto